| 000 | 00722nam a2200253 i 4500 | ||
|---|---|---|---|
| 999 |
_c200435441 _d53653 |
||
| 001 | 200435441 | ||
| 003 | TR-AnTOB | ||
| 005 | 20190410085358.0 | ||
| 008 | 190409s2010 xxua 000 0 tur d | ||
| 020 | _a9789609318778 | ||
| 040 |
_aTR-AnTOB _beng _erda _cTR-AnTOB |
||
| 041 | 0 | _atur | |
| 050 | 1 | _aPL217.S8 | |
| 090 |
_aPL217.S8 _bH39 2010 |
||
| 100 | 1 |
_aSuka, Füsun, _d1959- _eauthor _9124389 |
|
| 245 | 1 | 0 |
_aHaykırış : _bşiirler / _cFüsun Suka. |
| 264 | 1 |
_aKomotini (Gümülcine) : _c2010. |
|
| 300 |
_a83 pages : _billustrations ; _c17x19 cm |
||
| 336 |
_2rdacontent _atext _btxt |
||
| 337 |
_2rdamedia _aunmediated _bn |
||
| 338 |
_2rdacarrier _avolume _bnc |
||
| 942 |
_2lcc _cBK |
||